Λεξικό λατινοελληνικό & ελληνολατινικό
Αποθηκεύτηκε σε:
| Κύριος συγγραφέας: | |
|---|---|
| Μορφή: | Βιβλίο |
| Γλώσσα: | Latin Greek |
| Δημοσίευση: |
Αθήνα :
Πελεκάνος,
2009
|
| Έκδοση: | 2η έκδ., βελτ. |
| Θέματα: | |
| Ετικέτες: |
Προσθήκη ετικέτας
Δεν υπάρχουν, Καταχωρήστε ετικέτα πρώτοι!
|
MARC
| LEADER | 00000nam a2200000 i 4500 | ||
|---|---|---|---|
| 001 | 1/8569 | ||
| 008 | 100618s2009 lat d | ||
| 020 | |a 978-960-400-521-5 (hbk) | ||
| 020 | |a 960-400-521-9 (hbk) | ||
| 035 | |l 10108302 | ||
| 040 | |a GR-MY-UA |b gre |e aacr | ||
| 041 | 0 | |a lat |a gre | |
| 082 | 0 | |a 473.89 |2 (22) | |
| 100 | 1 | |a Μοσχόπουλος, Θεοδόσης. | |
| 245 | 1 | 0 | |a Λεξικό λατινοελληνικό & ελληνολατινικό / |c Θεοδόσης Μοσχόπουλος |
| 250 | |a 2η έκδ., βελτ. | ||
| 260 | |a Αθήνα : |b Πελεκάνος, |c 2009 | ||
| 300 | |a 855 σ.; |c 18 εκ. | ||
| 650 | 0 | 0 | |a Latin language |x Dictionaries |x Greek. |
| 852 | |a INST |b LEMNOS |e 20100618 |h 473.89 ΜΟΣ |p 005600000223 |q 005600000223 |t REF |y 23 | ||
| 901 | |a BIBL6-2010-2 | ||
| 909 | |a Μ |b 160867 | ||
| 922 | |a 6ΕΛΗ |b 200911 |c ΤΑΚ/ΤΕΤΔ |d BEST BOOK HUNTERS | ||
| 970 | |a ΠΑΝΤΑΖΗ |b ΑΝΤΩΝΙΑ |z 2010/06/18 | ||